20th century Sanskrit poets and their contribution (Record no. 424993)

MARC details
000 -LEADER
fixed length control field 00903nam a2200265Ia 4500
003 - CONTROL NUMBER IDENTIFIER
control field OSt
005 - DATE AND TIME OF LATEST TRANSACTION
control field 20220924130624.0
008 - FIXED-LENGTH DATA ELEMENTS--GENERAL INFORMATION
fixed length control field 220923b |||||||| |||| 00| 0 san d
037 ## - SOURCE OF ACQUISITION
Terms of availability Textual
040 ## - CATALOGING SOURCE
Original cataloging agency ARTS
Transcribing agency ARTS
Language of cataloging san
041 ## - LANGUAGE CODE
Source of code san
Language code of text/sound track or separate title san
100 ## - MAIN ENTRY--PERSONAL NAME
Personal name Ranganath S.
9 (RLIN) 25895
245 #0 - TITLE STATEMENT
Title 20th century Sanskrit poets and their contribution
260 ## - PUBLICATION, DISTRIBUTION, ETC.
Place of publication, distribution, etc. Tirupati
Name of publisher, distributor, etc. Rashtriya Sanskrit Vidyaengtha India
Date of publication, distribution, etc. 2010
300 ## - PHYSICAL DESCRIPTION
Extent xiii,276p.
Dimensions cm.
490 ## - SERIES STATEMENT
Series statement Rashtriya Sanskrit vidyaengtha pub.; 204. Centre of excellence pub; 42. Golden jubilee pub.; 01
650 ## - SUBJECT ADDED ENTRY--TOPICAL TERM
Topical term or geographic name entry element SANSKRIT LITERATURE
942 ## - ADDED ENTRY ELEMENTS (KOHA)
Classification part O15,1wN, 111Q0.1
Koha item type Textual
Source of classification or shelving scheme Colon Classification (CC)
Holdings
Withdrawn status Lost status Damaged status Not for loan Home library Current library Date acquired Source of acquisition Cost, normal purchase price Total Checkouts Full call number Barcode Date last seen Cost, replacement price Price effective from Koha item type
        Arts Library Arts Library 2022-09-24 539, 14/03/2011, Eastern Book Linkers 250.00   O15,1wN 111Q0.1 AL1296885 2022-09-24 250.00 2022-09-24 Textual
Copyright @ Delhi University Library System